000 00835nam a2200265Ia 4500
003 OSt
005 20220923215956.0
006 a|||||r|||| 00| 0
007 ta
008 220922b |||||||| |||| 00| 0 hin d
024 _a183,267
037 _cTextual
040 _aARTS
_cARTS
_bhin
041 _2hin
_ahin
082 _aO152,1N19x, L6;L9
100 _aअग्रवाल, भारत भूषण
245 0 _aअग्नि लोक
246 _aAgni loka
250 _aसंस्क0 2
260 _aदिल्ली
_b राजकमल प्रकाशन
_c1979
300 _a64 पृ.
_ccm.
650 _aहिन्दी साहित्य
_9156264
942 _hO152,1N19x, L6;L9
_cTEXL
_2CC
999 _c336603
_d336603